Rahsia semalam
| Main Author: | |
|---|---|
| Format: | Book |
| Published: |
Petaling Jaya :
Ar Comunications ,
1994
|
MARC
| LEADER | 00000cam a2200000 7i4500 | ||
|---|---|---|---|
| 001 | 0000001917 | ||
| 002 | 000002081 | ||
| 005 | 20000330.0 | ||
| 020 | |a 9839874284 | ||
| 090 | 0 | 0 | |a F |b RAZ |
| 100 | 0 | |a RAZIMAN Maan | |
| 245 | 1 | 0 | |a Rahsia semalam |c Raziman Maan |
| 260 | |a Petaling Jaya : |b Ar Comunications , |c 1994 | ||
| 300 | |a 174p. : |b ill ; |c 18cm. | ||
| 999 | |a 035029 |b BUKU |c FICTION |e PERPUSTAKAAN KOMUNITI PETALING JAYA | ||
| 999 | |a 035030 |b BUKU |c FICTION |e PERPUSTAKAAN KOMUNITI PETALING JAYA | ||